Moral internacional

Detalles Bibliográficos
Autor principal: Corral Salvador, Carlos
Formato: eBook
Lenguaje:español
Publicado: Madrid : Dykinson, 2013
Materias:
Acceso en línea:Acceso restringido

MARC

LEADER 00000nam a22000007a 4500
005 20131218155839.0
007 cr|||| ||||
008 131218s2013 sp |||||s|||| 00||0 spa d
020 |a 978-84-9031-701-3 
035 |a 11687 
040 |a vLex 
090 |c 4637  |d 4637 
100 1 |a Corral Salvador, Carlos 
245 1 0 |a Moral internacional  |h [Recurso electrn̤ico] /  |c Carlos Corral Salvador  
256 |a Servicio en ln̕ea 
260 |a Madrid :  |b Dykinson,  |c 2013 
300 |a 1 recurso electrn̤ico 
506 1 |a Contenido solo disponible en los productos indicados  |d vLex Global  |d vLex Global (Academic Edition, excluding Law Schools)  |d vLex Global (U.S. Academic Edition, Law Schools)  |d vLex Global (U.S. Academic Edition, excluding Law Schools)  |d vLex Global (Academic Edition, Law Schools) 
650 0 4 |a Moral 
650 0 4 |a Derecho internacional 
740 0 |a vLex Libros (Servicio en ln̕ea) 
856 4 0 |u http://vlex.com/source/moral-internacional-11687  |z Acceso restringido 
942 |c BOOK 
999 0 |a Ethics 
999 0 |a International law